Every Euro Host - Statistics

General Stats
  • This quiz has been taken 19 times
  • The average score is 14 of 17
Answer Stats
Year Country % Correct
2020 Any from: Azerbaijan, Denmark, England, Germany, Hungary, Italy, Netherlands, Romania, Russia, Scotland, Spain
100%
1960 France
100%
1984 France
100%
2016 France
100%
2024 Germany
100%
1968 Italy
100%
1980 Italy
100%
2004 Portugal
100%
1992 Sweden
100%
1964 Spain
94%
1972 Belgium
88%
1996 England
88%
1988 West Germany
63%
1976 Yugoslavia
63%
2008 Austria and Switzerland
31%
2000 Belgium and Netherlands
31%
2012 Poland and Ukraine
25%
No matching quizzes found
Score Distribution
Percent of People with Each Score
Percentile by Number Answered
Your Score History
You have not taken this quiz